000 00641nam a22001937a 4500
999 _c175747
_d175747
005 20200924120431.0
010 _aUR-10870
020 _c250.00
_a9789390100613
035 _aU-9425
037 _bDBAD/PUB
082 _a841.08
100 _aز ا ہد ا بر و ل
245 _aفر يد نا مہ
_cز ا ہد ا بر و ل
246 _bFarid Nama(Urdu)
_aby Zahid Abrol
260 _aN.Delhi
_bEducational Publishing House
_c2020 ء
270 _aH.O.D1/16,Ansari Road,Darya ganj,
_bN.Delhi
_e110002
_k45678285,23216162
_l0091-11-23211540
300 _a95 ص
_c22 Cm(Hb)
942 _2ddc
_cUR
_h841.08
_mف ر ی